| 000 | 00444nam a2200181Ia 4500 | ||
|---|---|---|---|
| 003 | GCL | ||
| 008 | 140319s9999 xx 000 0 eng d | ||
| 040 |
_aGCL / _cGCL |
||
| 082 | 0 | 4 |
_a740 _bS D |
| 100 | 1 | _aSPENCER, ROY | |
| 245 | 1 | 0 |
_aDRAW THE HUMAN BODY / _cSPENCER, ROY |
| 260 |
_a[S.N] : _bA AND C BLACK LIMITED ، _c1992 |
||
| 300 | _a48 | ||
| 650 | 0 | 4 | _aDRAWING |
| 650 | 0 | 4 | _aPAINTING - ILLUSTRATION |
| 650 | 0 | 4 | _aMAN |
| 942 |
_2ddc _cBK |
||
| 999 |
_c17486 _d17486 |
||